Thermoplastics: effects of processing /

Bibliographic Details
Corporate Author: Plastics Institute
Other Authors: Ogorkiewicz, Richard M.
Format: Book
Language:English
Published: London : Published for the Plastics Institute [by] Iliffe, 1969.
Series:Engineering series.
Subjects:

MARC

Tag First Indicator Second Indicator Subfields
LEADER 00000cam a2200000 4500
001 in00000094781
005 20150927110541.0
008 700904s1969 enka 00100 eng
010 |a  76496672  
015 |a B69-26392 
020 |a 0592054543  |c 80/- 
035 |a (OCoLC)00096894 
035 |9 AAL6654AM 
040 |a DLC  |c DLC  |d TXA  |d UtOrBLW 
049 |a TXAM  |c [1122339] 
050 0 0 |a TP1180.T5  |b T4 1969 
082 0 |a 668/.423 
245 0 0 |a Thermoplastics: effects of processing /  |c edited by R. M. Ogorkiewicz. 
264 1 |a London :  |b Published for the Plastics Institute [by] Iliffe,  |c 1969. 
300 |a 7, 252 pages :  |b illustrations ;  |c 23 cm. 
336 |a text  |b txt  |2 rdacontent 
337 |a unmediated  |b n  |2 rdamedia 
338 |a volume  |b nc  |2 rdacarrier 
490 1 |a Engineering series 
504 |a Includes bibliographies. 
650 0 |a Thermoplastics. 
700 1 |a Ogorkiewicz, Richard M. 
710 2 |a Plastics Institute. 
830 0 |a Engineering series. 
999 |a MARS 
999 f f |s e8f96422-aad6-3344-81d5-5e9685bbd221  |i 66a77308-4d05-34d9-9160-d8af4031f07d  |t 0 
952 f f |p ric  |a Texas A&M University  |b Rellis Campus  |c Joint Library Facility  |d Remote Storage  |t 0  |e TP1180.T5 T4 1969  |h Library of Congress classification  |i unmediated -- volume  |m A14805621272 
998 f f |a TP1180.T5 T4 1969  |t 0  |l Remote Storage